000 00439ntaaa2200181 4500
003 01
005 20251027201716.0
008 0714s1973 ag 01
040 _aAR-BaBN
_bspa
_cAR-BaBN
_eaacr
_dRIC
082 _a234.0000 H55
100 _aHills, A.M.
_915646
245 _aSantidad y poder
250 _a1 ed.
260 _aKansas City :
_bCasa Nazarena de Publicaciones,
_cn.f.
300 _a255 p
650 _ateologĂ­a
942 _cBK
999 _c11744
_d11744